000 00555nam a2200193Ia 4500
005 20250326141731.0
008 250326s9999 xx 000 0 und d
020 _a0-333-48509-2
037 _aTextbook
040 _aFMSL
_beng
_cFMSL
041 _aeng
_2eng
084 _aX.42 N0
_qFMSL
100 _aNester William R
_9285991
245 0 _aJapan's growing power over East Asia and the world economy
_cNester William R
260 _aUSA
_bUSA, Macmillan
_c1990
300 _axiv,282
942 _cTB
_hX.42 N0
999 _c1291712
_d1291712